AJR Quiz - Statistics

General Stats
  • This quiz has been taken 46 times
  • The average score is 18 of 30
Answer Stats
Question Answer % Correct
Which member is known for their long hair? Adam
100%
Which member is known for his signature bomber hat? Jack
94%
What is the name of the person that is the namesake of the fifth track on OK Orchestra? Joe
94%
Which song launched the band to fame and samples SpongeBob SquarePants? I’m Ready
88%
Which of these songs does not have an animated music video? The Dumb Song
88%
What TV show is the main focus of Netflix Trip? The Office
88%
What is the original name for Adventure Is Out There? Socks
81%
Which of these The Maybe Man songs does not have a music video? 2085
75%
What is considered the unofficial sequel to Woody Allen? Role Models
75%
Which music video is not parodied in the music video for 3 O’Clock Things? 100 Bad Days
69%
What famous English artist is mentioned in the song Three-Thirty? Ed Sheeran
69%
Which female artist did Ryan get the attention of, in turn getting them their co-manager Steve Greenberg? Sia
69%
Which band’s frontman is featured on the song Sober Up? Weezer
69%
Ignoring remixes, what is the least streamed AJR song of all time? Big White Bed
63%
What color is Ryan’s shirt on the cover for Neotheater? Blue
63%
Which song features vocals from the band’s father, Gary? Bud Like You
56%
Which of these The Click songs do not appear on the What Everyone’s Thinking EP? Sober Up
56%
Prior to the release of The Maybe Man, what was AJR’s longest song? The Green and the Town
56%
Which of these Living Room songs were not featured on any EP? Thirsty
56%
Which of these songs features a sample of Simon and Garfunkel’s song My Little Town? Way Less Sad
56%
What EP features the brothers standing with a puddle of water showing their reflections? 6foot1
50%
What is the shortest song the brothers have made? Call My Dad
50%
Wow, I’m Not Crazy features a sample that goes like “yep, yep, yep, yep” that is featured in another song. Which song is it? The Entertainment’s Here
50%
How many songs are on the deluxe edition of The Click? 17
44%
What is Jack’s middle name? Evan
38%
What is AJR’s most streamed song on Spotify? Weak
38%
What is the name of the bonus track on the What Everyone’s Thinking EP? The Lotto
31%
What lyric is on the sign that Adam holds on the back of the cover of The Maybe Man record/CD? “Gettin’ a life’s a little like dyin’”
25%
Which Sidemen member used I’m Ready as his channel intro? TBJZL
25%
What is the earliest AJR song that is still publicly available? The World Is A Marble Heart
0%
No matching quizzes found
Score Distribution
Percent of People with Each Score
Percentile by Number Answered
Your Score History
You have not taken this quiz